| 000 | 00480nam a2200193Ia 4500 | ||
|---|---|---|---|
| 005 | 20240823023631.0 | ||
| 008 | 240823s9999||||xx |||||||||||||| ||und|| | ||
| 020 | _a978-81-248-0194-9 | ||
| 041 | _aENGLISH | ||
| 082 | _A158 P9 | ||
| 100 | _a"Cottringer,William" | ||
| 245 | 0 | _aDo What Matters Most:Simplify Your Overload | |
| 250 | _aIst | ||
| 260 |
_c2009 _b"Peacock,New D" |
||
| 500 | _aYES | ||
| 650 |
_aDo What Matters Most _bGeneral |
||
| 942 | _cBK | ||
| 999 |
_c182012 _d182012 |
||